LIBRARY & INFORMATION CENTRE, KCAET, TAVANUR

ONLINE PUBLIC ACCESS CATALOGUE (OPAC)

MAPPING, INVENTORY AND CHANGE DETECTION OF WETLANDS OF THAVANUR GRAMA PANCHAYATH (Record no. 17608)

MARC details
000 -LEADER
fixed length control field 00334nam a22001337a 4500
003 - CONTROL NUMBER IDENTIFIER
control field OSt
082 ## - DEWEY DECIMAL CLASSIFICATION NUMBER
Classification number 631
088 ## - REPORT NUMBER
Report number T540
100 ## - MAIN ENTRY--AUTHOR NAME
Personal name CHITHRA, M. R
245 ## - TITLE STATEMENT
Title MAPPING, INVENTORY AND CHANGE DETECTION OF WETLANDS OF THAVANUR GRAMA PANCHAYATH
260 ## - PUBLICATION, DISTRIBUTION, ETC. (IMPRINT)
Place of publication Thavanur
Year of publication 2022
700 ## - ADDED ENTRY--PERSONAL NAME
Personal name ASHA, JOSEPH ( GUIDE )
942 ## - ADDED ENTRY ELEMENTS (KOHA)
Koha item type Theses
Holdings
Collection code Home library Current library Shelving location Full call number Accession Number Koha item type Public note
Reference KAUAET KAUAET Reference1 631 T 540 Theses M.Tech Thesis
free website counter